Statistics for North American Countries With A Unique Starting Letter

Click here to take the quiz!

General Stats

  • This quiz has been taken 39 times
  • The average score is 7 of 8

Answer Stats

LetterCountry% Correct
AAntigua and Barbuda
97%
NNicaragua
92%
EEl Salvador
86%
JJamaica
86%
PPanama
86%
MMexico
84%
TTrinidad and Tobago
84%
UUnited States of America
81%

Score Distribution

Percentile by Number Answered

Percent of People with Each Score

Your Score History

You have not taken this quiz